Science and technology of building seals, sealants, glazing, and waterproofing / (Record no. 600076)

000 -LEADER
fixed length control field 00366nam a2200109Ia 4500
008 - FIXED-LENGTH DATA ELEMENTS--GENERAL INFORMATION
fixed length control field 230907s9999||||xx |||||||||||||| ||und||
082 ## - DEWEY DECIMAL CLASSIFICATION NUMBER
Classification number 691.99
Author Mark SCI
245 #0 - TITLE STATEMENT
Title Science and technology of building seals, sealants, glazing, and waterproofing /
260 ## - PUBLICATION, DISTRIBUTION, ETC.
Place of publication, distribution, etc. American Society for Testing and Materials (ASTM),
Name of publisher, distributor, etc. Philadelphia :
Date of publication, distribution, etc. 1992
300 ## - PHYSICAL DESCRIPTION
Extent 323 p.
942 ## - ADDED ENTRY ELEMENTS (KOHA)
Koha item type Book
Holdings
Withdrawn status Lost status Damaged status Not for loan Permanent Location Current Location Date acquired Total Checkouts Full call number Barcode Date last seen Price effective from Koha item type
        US-Pakistan Center for Advanced Studies in Energy (USPCAS-E) US-Pakistan Center for Advanced Studies in Energy (USPCAS-E) 09/25/2019   691.99 SCI CAS-E0004175 09/12/2023 09/12/2023 Book
© 2023 Central Library, National University of Sciences and Technology. All Rights Reserved.